000 01203cam a22001934a 4500
005 20250605163933.0
008 250528s ||||||||||||||||||||||||d
035 _a14755
020 _a631140433
040 _aGR-AtMCL
_bgre
_dGR-AtMCL
_eAACR2
245 1 _aFoucault / A Critical Reader
260 _bBlackwell,
_c1986
300 _a248
520 _aThis collection of essays is the first to bring together major criticisms of Foucault by other writers with their own visions. Contributors, Introduction, The Archaeology of Foucault, Foucault and Epistemology, The Politics of Michel Foucault, Foucault on Freedom and Truth, Taking Aim at the Heart of the Present, What Is Maturity? Habermas and Foucault on ''What Is Enlightenment?'', Power and Repression and Progress: Foucault and Lukes and the Frankfurt School, Foucault and the Imagination of Power, The Politics of Truth and the Problem of Hegemony, In the Empire of the Gaze: Foucault and the Denigration of Vision in Twentieth-Century French Thought, Foucault and the Tyranny of Greece, Archaeology and Genealogy and Ethics, Self-Improvement, Index.
700 1 _aCouzens Hoy David
_9510
942 _cBK
999 _c375
_d375